000
00203 a2200097 4500
001
7879
100
_a
Vincent, I V
245
_a
India : many-storied house
260
_a
_b
Faber
_c
090
_c
6324
_d
6324
942
_a
NUST-CAE
_c
M
_c
32850
999
_c
242952
_d
242952